Statystyki dla Kraje po podpowiedziach

Kliknij tutaj aby rozwiązać quiz!

Ogólne statystyki

  • Ten quiz został rozwiązany 62 razy
  • Średni wynik to 3 z 5

Statystyki odpowiedzi

PodpowiedźOdpowiedź% Poprawnych
Ten kraj ma stolice o nazwie ,,Ryga"Łotwa
93%
Ten kraj ma obecnie wojnę i ma w fladze kolor czerwony.Rosja
90%
Ten kraj jest najczęstszym odwiedzanym krajem na świecie.Francja
73%
Ten kraj jest najczęstszym odwiedzanym krajem z religią IslamTurcja
47%
Ten kraj jest piątym najludniejszym krajem na świecie.Pakistan
37%

Rozkład punktacji

Percentyl według liczby udzielonych odpowiedzi

Procent ludzi z każdym wynikiem

Twoja historia wyników

Nie rozwiązałeś tego quizu